000 00492nam a22001817a 4500
003 CEME
005 20210628203245.0
008 210302b xxu||||| |||| 00| 0 eng d
020 _a0-8273-3227-0
040 _c.
082 _a621.042 SCH
100 _aSchwaller, Anthony E
_964330
245 _aTransportation energy and power technology
260 _aNEW YORK
_bMCGRAW HILL
_c1989
300 _aXIII,417P
650 _aTRANSPORTATION ENERGY, POWER TECHNOLOGY
_964331
942 _cBK
_2ddc
999 _c572858
_d572858